Statistics for Ultimate Pitch Perfect 2 Quiz

Click here to take the quiz!

General Stats

  • This quiz has been taken 889 times
    (884 since last reset)
  • The average score is 10 of 30

Answer Stats

HintAnswer% Correct
What is the name of the new BellaEmily
77%
What song does Fat Amy come in onWrecking Ball
73%
What is the name of her songFlashlight
70%
Who develops a crush on EmilyBenji
65%
What is the name of the group who takes over from the BellasDas Sound Machine
65%
Is there a Pitch perfect 3Yes
61%
Who is Fat Amy in Love WithBumper
57%
What is the first song the Treblemakers singLollipop
46%
What is the first topic in the Riff-offSongs about Butts
43%
Where do the bellas first see them performCar show
41%
Where is the opening performanceKennedy Centre
40%
What does she sing to himWe Belong
32%
What is the second topicCountry Love
30%
Who lost this topicGreen Bay Packers
29%
What song did DSM sing after winningJump
29%
What is sheA Legacy
27%
Who won worldsThe Bellas
23%
Where are they heldCopenhagen
22%
What is the third topicI dated John Mayer
21%
Who loses this topicThe Treblemakers
21%
Where does Beca get a jobRecording Studio
20%
Who lost this topicTone Hangers
19%
Why are they performing for themPresidents Birthday
13%
What is she sitting onRibbon
10%
Who are they performing forThe president and his wife
10%
What was the last topic90's hip hop jamz
8%
What did Chloe register the Bellas inWorld Championships
6%
Who runs thisAubrey Posen
5%
Where do they go after the next failed performanceRetreat centre
0%
What are the names of the groups at the Riff-off (alphabetical order)The Bellas, DSM, Green Bay Packers, Tone-hangers and The Treblemakers
0%

Score Distribution

Percentile by Number Answered

Percent of People with Each Score

Your Score History

You have not taken this quiz since the last reset